Helsinki Metro stations - Statistics

General Stats
  • This quiz has been taken 81 times
  • The average score is 17 of 25
Answers on the Map
Answers color-coded by a green-red scale on the quiz's map according to % correct below.
 
Answer Stats
Opened Station % Correct
1983 Kamppi
90%
1982 Itäkeskus
83%
2007 Kalasatama
83%
1995 Helsingin yliopisto
79%
1982 Rautatientori
78%
1993 Ruoholahti
78%
1982 Siilitie
78%
1998 Vuosaari
78%
1982 Herttoniemi
76%
1984 Sörnäinen
75%
1982 Hakaniemi
73%
1982 Kulosaari
71%
2017 Lauttasaari
71%
1986 Kontula
70%
2017 Tapiola
70%
1989 Mellunmäki
67%
2017 Aalto-yliopisto
65%
2017 Matinkylä
65%
2017 Koivusaari
60%
1986 Myllypuro
59%
1998 Rastila
57%
2017 Keilaniemi
56%
1998 Puotila
56%
2017 Urheilupuisto
48%
2017 Niittykumpu
40%
No matching quizzes found
Score Distribution
Percent of People with Each Score
Percentile by Number Answered
Your Score History
You have not taken this quiz